LEADER 00931nam0-2200337li-450 001 990000152480203316 005 20180312154705.0 010 $a3-540-54965-X 035 $a0015248 035 $aUSA010015248 035 $a(ALEPH)000015248USA01 035 $a0015248 100 $a20001109d1991----km-y0itay0103----ba 101 0 $aeng 102 $aGW 200 1 $aFractals and hyperspaces$fKeith R. Wicks 210 $aBerlin$cSpringer$dcopyr. 1991 610 1 $afrattali 676 $a515.74$9. 700 1$aWicks,$bKeith R.$0441125 801 $aSistema bibliotecario di Ateneo dell' Università di Salerno$gRICA 912 $a990000152480203316 951 $a515.74 WIC$b0007247 959 $aBK 969 $aTEC 979 $c19960807 979 $c20001110$lUSA01$h1712 979 $c20020403$lUSA01$h1623 979 $aPATRY$b90$c20040406$lUSA01$h1611 996 $aFractals and hyperspaces$978655 997 $aUNISA LEADER 01652nam 2200517Ia 450 001 9910788374103321 005 20230725040414.0 010 $a1-4384-3143-0 035 $a(CKB)3170000000046587 035 $a(OCoLC)794698965 035 $a(CaPaEBR)ebrary10574117 035 $a(SSID)ssj0000581806 035 $a(PQKBManifestationID)11341324 035 $a(PQKBTitleCode)TC0000581806 035 $a(PQKBWorkID)10540155 035 $a(PQKB)11496224 035 $a(MiAaPQ)EBC3407255 035 $a(MdBmJHUP)muse1688 035 $a(Au-PeEL)EBL3407255 035 $a(CaPaEBR)ebr10574117 035 $a(EXLCZ)993170000000046587 100 $a20090903d2010 ub 0 101 0 $aeng 135 $aurcn||||||||| 181 $ctxt 182 $cc 183 $acr 200 00$aAfrican Americans doing feminism$b[electronic resource] $eputting theory into everyday practice /$fedited by Aaronette M. White 210 $aAlbany $cState University of New York (SUNY) Press$dc2010 215 $a1 online resource (317 p.) 300 $aBibliographic Level Mode of Issuance: Monograph 311 $a1-4384-3141-4 320 $aIncludes bibliographical references and index. 606 $aFeminism$zUnited States$xHistory 606 $aAfrican American feminists$xHistory 615 0$aFeminism$xHistory. 615 0$aAfrican American feminists$xHistory. 676 $a305.42089/96073 701 $aWhite$b Aaronette M$01568472 801 0$bMiAaPQ 801 1$bMiAaPQ 801 2$bMiAaPQ 906 $aBOOK 912 $a9910788374103321 996 $aAfrican Americans doing feminism$93840617 997 $aUNINA